000 01130nam a2200253Ia 4500
003 Ost
005 20260507075640.0
008 260507s9999||||xx |||||||||||||| ||und||
020 _a7935394977
040 _cfsecg
041 _aara
082 _a342.06
100 _aأبويونس، محمد الباهي
_eمؤلف
245 0 _aالرقابة القضائية على شرعية الجزاءات الإدارية العامة :
_bالغرامة ،الحل ،الوقف ،الإزالة ،وسحب وإلغاء التراخيص /
_c محمد الباهي أبويونس
260 _aالإسكندرية:
_bدار الجامعة,
_c2000
300 _a269 صفحة؛
_c24 سم
490 _aالمكتبة القانونية
520 _aالجزء الإداري العام ، الرقابة على الشرعية ، الموضوعية لجزاءات الإدارية ، الرقابة على الشرعية الإجراءات للجزاءات الإدارية
653 _aالتراخيص
653 _aالرقابة القضائية
653 _aالغرامة
653 _aالوقف
942 _cكتاب
999 _c45385
_d45385